000 00333 a2200109 4500
001 ART_41485
005 20260410162001.0
008 260409a
245 1 0 _a¿Reforma judicial: políticas públicas?
100 1 _aVanossi, Jorge Reinaldo A.
773 0 _tPensar en derecho
_g- Año 4, Nº 6 (ago. 2015)
_wREV28996
999 _c31328
_d31328